Σεζάν
Αποθηκεύτηκε σε:
| Άλλοι συγγραφείς: | , |
|---|---|
| Μορφή: | Βιβλίο |
| Γλώσσα: | Greek Spanish |
| Δημοσίευση: |
[Αθήνα] :
Η Καθημερινή,
c2006.
|
| Σειρά: | Μεγάλοι ζωγράφοι ;
12 |
| Θέματα: | |
| Ετικέτες: |
Προσθήκη ετικέτας
Δεν υπάρχουν, Καταχωρήστε ετικέτα πρώτοι!
|
MARC
| LEADER | 00000cam a2200000 i 4500 | ||
|---|---|---|---|
| 001 | 1/2251 | ||
| 008 | 091125s2006 gr | ||| |||| ||gre|| | ||
| 020 | |a 9607945905 | ||
| 035 | |l 10105916 | ||
| 040 | |a GR-MyUa |b gre |e AACR2 | ||
| 041 | 1 | |a gre |h spa |k ita | |
| 082 | 1 | |a 700.92 |2 (22) | |
| 245 | 0 | 0 | |a Σεζάν / |c κείμενα: Stefania Lapenta ; εισαγωγή: Kosme de Βaranano. |
| 260 | |a [Αθήνα] : |b Η Καθημερινή, |c c2006. | ||
| 300 | |a 189 σ.; |b έγχρ. εικ. ; |c 19 εκ. | ||
| 490 | 1 | |a (Μεγάλοι ζωγράφοι ; |v 12) | |
| 500 | |a Προσφορά της εφημερίδας "Η Καθημερινή", Βιβλιοθήκη Τέχνης. | ||
| 500 | |a Τίτλος πρωτοτύπου: Cezanne. | ||
| 504 | |a Βιβλιογραφία: σ. 189. | ||
| 600 | 1 | 0 | |a Cezanne, Paul, |d 1839-1906. |
| 700 | 1 | |a Lapenta, Stefania. | |
| 700 | 1 | |a Baranano Letamendia, Kosme Maria de, |d 1952- |e aui | |
| 830 | 0 | |a Μεγάλοι ζωγράφοι ; |v 12 | |
| 852 | |a INST |b SYROS |e 20091125 |h 700.92 CEZ |p 005500008067 |q 005500008067 |t BK |y 0 | ||
| 901 | |a BIBL5-2009-3 | ||
| 970 | |a Κοντού |b Παρασκευή |z 25/11/2009 | ||